[Event "ch-USA 2023"]
[Site "Saint Louis USA"]
[Date "2023.10.12"]
[Round "7.6"]
[White "Dominguez Perez, Leinier"]
[Black "Aronian, Levon"]
[Result "1/2-1/2"]
[WhiteTitle "GM"]
[BlackTitle "GM"]
[WhiteElo "2745"]
[BlackElo "2742"]
[WhiteFideId "3503240"]
[BlackFideId "13300474"]
[EventDate "2023.10.05"]

1. e4 e5 2. Nf3 Nc6 3. Bb5 Nf6 4. O-O Nxe4 5. d4 Nd6 6. Bxc6 dxc6 7. dxe5 Nf5 8.
Qxd8+ Kxd8 9. h3 Ke8 10. Nc3 h5 11. Ne2 b6 12. Rd1 Bb7 13. Ned4 Nxd4 14. Nxd4
Rc8 15. Bg5 Be7 16. Bf4 c5 17. Nf5 Be4 18. Nxe7 Kxe7 19. Rd2 Ke6 20. Rad1 Kf5
21. Bh2 Bc6 22. f3 h4 23. c4 Ke6 24. Kf2 Rce8 25. Rd3 Re7 26. Bf4 Kf5 27. Bd2
Rhe8 28. Bc3 Rh8 29. b3 Rhe8 30. R1d2 Rh8 31. Rd1 Rhe8 32. R1d2 Rh8 33. Rd1 Rhe8 1/2-1/2

[Event "ch-USA 2023"]
[Site "Saint Louis USA"]
[Date "2023.10.13"]
[Round "8.1"]
[White "Mishra, Abhimanyu"]
[Black "Sevian, Samuel"]
[Result "1-0"]
[WhiteTitle "GM"]
[BlackTitle "GM"]
[WhiteElo "2592"]
[BlackElo "2698"]
[WhiteFideId "30920019"]
[BlackFideId "2040506"]
[EventDate "2023.10.05"]

1. d4 Nf6 2. c4 e6 3. Nf3 b6 4. g3 Ba6 5. b3 Bb4+ 6. Bd2 Be7 7. Nc3 d5 8. cxd5
exd5 9. Bg2 O-O 10. O-O Re8 11. Ne5 Bb7 12. Rc1 Nbd7 13. Bf4 Nf8 14. h4 h6 15.
e3 Ne6 16. g4 c6 17. Bg3 c5 18. dxc5 Bxc5 19. Qf3 Qe7 20. Nd3 Rad8 21. Nxc5 bxc5
22. Be5 Nd7 23. Bg3 Nb6 24. Rfe1 Rd7 25. Qf5 Red8 26. Ne2 Re8 27. Red1 Red8 28.
Nf4 Nxf4 29. Qxf4 d4 30. Bxb7 Rxb7 31. exd4 cxd4 32. Rxd4 Rxd4 33. Qxd4 Rd7 34.
Qe5 Qb4 35. g5 hxg5 36. hxg5 Qd2 37. Bf4 Qd5 38. Qxd5 Nxd5 39. Bd2 Kh7 40. Kg2
Kg6 41. Kf3 Ne7 42. Bf4 Nf5 43. Kg4 Ne7 44. Rc7 Rxc7 45. Bxc7 Nd5 46. Bb8 a6 47.
f4 f5+ 48. Kf3 Nb4 49. a4 Nc6 50. Be5 Kf7 51. Bc3 g6 52. Ke3 Ke6 53. b4 Kd5 54.
Kd3 Ne7 55. Bd4 Nc6 56. Bc5 Na5 57. Bf2 Nc4 58. Kc3 Nd6 59. Bd4 Ne4+ 60. Kd3 Nd6
61. Bg1 Nc4 62. b5 axb5 63. axb5 Nd6 64. b6 Nb7 65. Be3 Nd6 66. Kc3 Ke4 67. Bc1
Kd5 68. Kb4 Kc6 69. Be3 Kd5 70. Bc5 Nb7 71. Be3 Nd6 72. Ka5 Kc6 73. Ka6 Nb7 74.
Bd4 Nd8 75. Bf6 Ne6 76. Be7 Nxf4 77. b7 Nd5 78. b8=Q Nxe7 79. Qe5 Kd7 80. Kb7 f4
81. Qxf4 Nf5 82. Qa4+ Ke7 83. Kc7 Ng7 84. Qd7+ Kf8 85. Qd8+ 1-0

[Event "ch-USA 2023"]
[Site "Saint Louis USA"]
[Date "2023.10.13"]
[Round "8.2"]
[White "Caruana, Fabiano"]
[Black "Shankland, Sam"]
[Result "1/2-1/2"]
[WhiteTitle "GM"]
[BlackTitle "GM"]
[WhiteElo "2786"]
[BlackElo "2698"]
[WhiteFideId "2020009"]
[BlackFideId "2004887"]
[EventDate "2023.10.05"]

1. e4 e5 2. Nf3 Nc6 3. Bc4 Bc5 4. O-O Nf6 5. d3 O-O 6. h3 d6 7. c3 a5 8. Re1 h6
9. Nbd2 a4 10. Bb5 Bd7 11. Nf1 Ne7 12. Bxd7 Qxd7 13. Ng3 Bb6 14. Nh4 d5 15. exd5
Qxd5 16. d4 Nc6 17. Nh5 Qd8 18. Nf5 Nxh5 19. Qxh5 Qf6 20. Re4 Qg6 21. Qf3 exd4
22. Nxh6+ gxh6 23. Rg4 Kh7 24. Rxg6 fxg6 25. Qg4 Rae8 26. cxd4 Re1+ 27. Kh2 Rf5
28. Qh4 h5 29. Be3 Rxa1 30. g4 Rf7 31. gxh5 gxh5 32. Qxh5+ Kg8 33. Qg6+ Rg7 34.
Qe8+ Kh7 35. Qe4+ Kg8 36. Qe6+ Kh7 37. Qe4+ Kg8 38. Qe6+ Kh7 39. Qf5+ Kg8 40.
Qe6+ Kh7 1/2-1/2

[Event "ch-USA 2023"]
[Site "Saint Louis USA"]
[Date "2023.10.13"]
[Round "8.3"]
[White "Aronian, Levon"]
[Black "Swiercz, Dariusz"]
[Result "1/2-1/2"]
[WhiteTitle "GM"]
[BlackTitle "GM"]
[WhiteElo "2742"]
[BlackElo "2620"]
[WhiteFideId "13300474"]
[BlackFideId "1126881"]
[EventDate "2023.10.05"]

1. e4 e5 2. Nf3 Nc6 3. Bb5 a6 4. Ba4 Nf6 5. O-O Be7 6. d3 b5 7. Bb3 d6 8. c3 O-O
9. Bc2 Re8 10. Nbd2 Bf8 11. a4 Bd7 12. Re1 h6 13. h3 Rb8 14. axb5 axb5 15. Nf1
d5 16. exd5 Nxd5 17. Ng3 b4 18. Bd2 bxc3 19. bxc3 Nf6 20. Ra4 Rb5 21. Rh4 Ra5
22. Qc1 Ba3 23. Qb1 Bf8 24. Qc1 Ba3 25. Qd1 Bf8 26. Qc1 1/2-1/2

[Event "ch-USA 2023"]
[Site "Saint Louis USA"]
[Date "2023.10.13"]
[Round "8.4"]
[White "Xiong, Jeffery"]
[Black "Dominguez Perez, Leinier"]
[Result "1/2-1/2"]
[WhiteTitle "GM"]
[BlackTitle "GM"]
[WhiteElo "2693"]
[BlackElo "2745"]
[WhiteFideId "2047640"]
[BlackFideId "3503240"]
[EventDate "2023.10.05"]

1. e4 e5 2. Nf3 Nc6 3. Bb5 Nf6 4. O-O Nxe4 5. Re1 Nd6 6. Nxe5 Be7 7. Bf1 Nxe5 8.
Rxe5 O-O 9. d4 Bf6 10. Re2 b6 11. Re1 Bb7 12. Bf4 Ne4 13. c3 Bg5 14. Qc1 h6 15.
Bxg5 Qxg5 16. Qxg5 hxg5 17. f3 Nd6 18. Nd2 Rfe8 19. Kf2 Kf8 20. Bd3 Rxe1 21.
Rxe1 Re8 22. Rxe8+ Nxe8 23. Kg3 Ke7 24. h4 gxh4+ 25. Kxh4 d6 26. Kg3 c5 27. Kf2
Nf6 28. a3 Bc6 29. Ke3 Nd5+ 30. Kf2 Nf6 31. Ke3 Nd5+ 32. Kf2 Nf6 1/2-1/2

[Event "ch-USA 2023"]
[Site "Saint Louis USA"]
[Date "2023.10.13"]
[Round "8.5"]
[White "Robson, Ray"]
[Black "Niemann, Hans Moke"]
[Result "1-0"]
[WhiteTitle "GM"]
[BlackTitle "GM"]
[WhiteElo "2699"]
[BlackElo "2667"]
[WhiteFideId "2023970"]
[BlackFideId "2093596"]
[EventDate "2023.10.05"]

1. e4 e5 2. Nf3 Nc6 3. Bb5 a6 4. Ba4 Nf6 5. O-O Be7 6. Re1 b5 7. Bb3 O-O 8. a4
Bb7 9. d3 d6 10. Bd2 Qd7 11. h3 Nd8 12. axb5 axb5 13. Rxa8 Bxa8 14. c4 Ne6 15.
Na3 bxc4 16. Bxc4 Bb7 17. Nc2 Ra8 18. b4 Qa4 19. Qb1 Nd7 20. Bb3 Qb5 21. Bc4 Qa4
22. Bb3 Qb5 23. Ne3 Bf8 24. Rc1 c6 25. Bc4 Qa4 26. Bb3 Qb5 27. Bc4 Qa4 28. b5
Ndc5 29. bxc6 Bxc6 30. Nd5 Qa7 31. Be3 Rb8 32. Qc2 Qa3 33. Qd1 Qb2 34. Rc2 Qa3
35. Ra2 Ba4 36. Qa1 1-0

[Event "ch-USA 2023"]
[Site "Saint Louis USA"]
[Date "2023.10.13"]
[Round "8.6"]
[White "Tang, Andrew"]
[Black "So, Wesley"]
[Result "1/2-1/2"]
[WhiteTitle "GM"]
[BlackTitle "GM"]
[WhiteElo "2496"]
[BlackElo "2753"]
[WhiteFideId "2059630"]
[BlackFideId "5202213"]
[EventDate "2023.10.05"]

1. d4 Nf6 2. Bf4 d5 3. Nf3 c5 4. e3 Nc6 5. Nbd2 Qb6 6. dxc5 Qxb2 7. Rb1 Qc3 8.
Bb5 e6 9. O-O Be7 10. Nd4 Bd7 11. N2b3 O-O 12. Bd3 Qb4 13. a4 a6 14. Bc7 Rfc8
15. Bb6 Be8 16. Na5 Qxa4 17. Nxb7 Ne5 18. Nd6 Bxd6 19. cxd6 Nxd3 20. cxd3 Qxd1
21. Rfxd1 a5 22. Nb5 Bxb5 23. Rxb5 a4 24. Ba5 a3 25. h3 Rc2 26. Ra1 Rb2 27. Rc5
a2 28. Bc3 Rc2 29. Rc7 Ne8 30. Rc6 Nf6 31. Rc7 Ne8 32. Rc6 Rd8 33. Ba5 Rxc6 34.
Bxd8 Rxd6 35. Ba5 Ra6 36. Rxa2 h5 37. Ra3 e5 38. Bb4 Rxa3 39. Bxa3 f6 40. e4 Nc7
41. h4 Kf7 42. f3 Ne6 43. exd5 Nf4 44. g3 Nxd5 45. Bb2 Ne3 46. d4 Nf5 47. dxe5
Nxg3 48. exf6 gxf6 49. Kg2 Nf5 50. Kh3 Ke6 51. Bc3 Ne7 52. Kg3 Ng6 53. Bd4 f5
54. Be3 Ke5 55. Bg5 Nf8 56. Kf2 Ne6 57. Bc1 Nf4 58. Bd2 Nd5 59. Bg5 Nf4 60. Ke3
Ne6 61. Be7 Kd5 62. Kd3 Nf4+ 63. Ke3 Ng6 64. Bg5 Kc4 65. Bf6 Kd5 66. Bg5 Ke5 67.
Bd8 f4+ 68. Kd3 Kf5 69. Ke2 Ne5 70. Bc7 Nc6 71. Kd3 Nb4+ 72. Kc4 Nc2 73. Kd3 Ne3
74. Bb6 Nd5 75. Bc5 Nf6 76. Be7 Nd7 77. Bd6 Nf6 78. Be7 Nd7 79. Bd6 Nf6 80. Be7 1/2-1/2

[Event "ch-USA 2023"]
[Site "Saint Louis USA"]
[Date "2023.10.15"]
[Round "9.1"]
[White "Shankland, Sam"]
[Black "Mishra, Abhimanyu"]
[Result "0-1"]
[WhiteTitle "GM"]
[BlackTitle "GM"]
[WhiteElo "2698"]
[BlackElo "2592"]
[WhiteFideId "2004887"]
[BlackFideId "30920019"]
[EventDate "2023.10.05"]

1. e4 e6 2. d4 d5 3. Nc3 Bb4 4. e5 c5 5. a3 Bxc3+ 6. bxc3 Ne7 7. Qg4 Qc7 8. Bd3
c4 9. Be2 Qa5 10. Bd2 Nf5 11. h4 Qa4 12. Kd1 Nc6 13. h5 h6 14. Qh3 Bd7 15. Bg4
O-O-O 16. Ne2 Rhg8 17. Bf4 Nfe7 18. Qe3 Rdf8 19. Bg3 b6 20. Bh4 Kb7 21. Kd2 Re8
22. Bh3 Rh8 23. g4 Rh7 24. f4 g6 25. Ng3 Ng8 26. Bg2 Nce7 27. Rh2 a5 28. Qe1 Rf8
29. Bf6 Qc6 30. Qe3 Ka6 31. Ke2 Qa4 32. Kd2 Qc6 33. Bf3 Re8 34. Re2 Qa4 35. Ke1
Qb5 36. Qc1 Qa4 37. Kf2 Ka7 38. Kg2 Ka6 39. Rb1 Qc6 40. Qb2 Qc7 41. Qc1 Qc6 42.
Re1 Qc7 43. Rh1 Ka7 44. Rh2 Qc6 45. Kf2 Ka6 46. Qb2 Qc7 47. g5 hxg5 48. fxg5
gxh5 49. Rbh1 Nxf6 50. gxf6 Nc6 51. Rxh5 Rxh5 52. Rxh5 Rb8 53. Ne2 b5 54. Qa1
Qb6 55. Ke1 Be8 56. Kd2 Kb7 57. Rh7 b4 58. axb4 axb4 59. Bh5 Ra8 60. Qb1 bxc3+
61. Nxc3 Qxb1 62. Nxb1 Nxd4 63. Bxf7 Nf3+ 64. Ke3 Ng5 65. Bxe6+ Nxh7 66. Bxd5+
Bc6 67. Bxc4 Nf8 68. Nd2 Nd7 69. Kd4 Rd8 70. f7 Nf8+ 71. Ke3 Bd5 72. Bxd5+ Rxd5
73. Nf3 Kc7 74. Ke4 Rc5 75. Kf5 Kd7 76. Kf6 Rc6+ 77. Kg7 Ke7 78. Nh4 Ne6+ 79.
Kg6 Nd8+ 80. Kg7 Nxf7 0-1

[Event "ch-USA 2023"]
[Site "Saint Louis USA"]
[Date "2023.10.15"]
[Round "9.2"]
[White "So, Wesley"]
[Black "Robson, Ray"]
[Result "1-0"]
[WhiteTitle "GM"]
[BlackTitle "GM"]
[WhiteElo "2753"]
[BlackElo "2699"]
[WhiteFideId "5202213"]
[BlackFideId "2023970"]
[EventDate "2023.10.05"]

1. e4 e5 2. Nf3 Nc6 3. Bc4 Nf6 4. d3 Bc5 5. Nc3 a6 6. O-O d6 7. a4 h6 8. Be3 O-O
9. Bxc5 dxc5 10. Nd5 Be6 11. Ne3 Bxc4 12. Nxc4 Re8 13. a5 b5 14. axb6 cxb6 15.
Ne3 b5 16. b3 a5 17. c4 Nb4 18. Nd5 Nbxd5 19. cxd5 Nd7 20. Ra2 Ra7 21. Qd2 Qb6
22. Qc3 f6 23. h4 Rea8 24. h5 a4 25. Nh4 b4 26. Qb2 c4 27. dxc4 Nc5 28. bxa4 b3
29. Ra3 Rxa4 30. Rxa4 Rxa4 31. Nf5 Rxc4 32. d6 Kh7 33. Qe2 Rxe4 34. Qf3 Qb7 35.
Rb1 Qd7 36. Ne7 Qg4 37. Qc3 Rc4 38. Qa5 b2 39. Qd2 Rd4 40. Qc2+ Qe4 41. Qxb2
Rxd6 42. Qb8 Rd8 43. Qxd8 Qxb1+ 44. Kh2 Qb3 45. Qc8 Na4 46. Qf5+ Kh8 47. Qd7 Nb2
48. Ng6+ Kh7 49. Nf8+ 1-0

[Event "ch-USA 2023"]
[Site "Saint Louis USA"]
[Date "2023.10.15"]
[Round "9.3"]
[White "Dominguez Perez, Leinier"]
[Black "Tang, Andrew"]
[Result "1-0"]
[WhiteTitle "GM"]
[BlackTitle "GM"]
[WhiteElo "2745"]
[BlackElo "2496"]
[WhiteFideId "3503240"]
[BlackFideId "2059630"]
[EventDate "2023.10.05"]

1. e4 d6 2. d4 Nf6 3. Nc3 e5 4. Nf3 Nbd7 5. Bc4 Be7 6. a4 O-O 7. O-O c6 8. Re1
h6 9. a5 Qc7 10. h3 Re8 11. Ba2 Bf8 12. Bd2 Rb8 13. d5 b5 14. dxc6 Qxc6 15. Nh2
Bb7 16. Ng4 b4 17. Nxf6+ Nxf6 18. Nd5 Nxd5 19. Bxd5 Qc7 20. Bb3 Bc6 21. a6 Be7
22. Qh5 Bf6 23. Be3 Red8 24. Qg4 Kf8 25. Red1 Bb5 26. Qf3 Bg5 27. Bxg5 hxg5 28.
Qh5 Bc4 29. Qxg5 Bxb3 30. cxb3 Qc2 31. Qe3 Qxb2 32. Qxa7 Qxb3 33. Rxd6 Rdc8 34.
Qd7 Qc3 35. Rad1 b3 36. a7 Ra8 37. Qb7 Kg8 38. Rd7 Qc2 1-0

[Event "ch-USA 2023"]
[Site "Saint Louis USA"]
[Date "2023.10.15"]
[Round "9.4"]
[White "Niemann, Hans Moke"]
[Black "Caruana, Fabiano"]
[Result "0-1"]
[WhiteTitle "GM"]
[BlackTitle "GM"]
[WhiteElo "2667"]
[BlackElo "2786"]
[WhiteFideId "2093596"]
[BlackFideId "2020009"]
[EventDate "2023.10.05"]

1. e4 e5 2. Nf3 Nc6 3. Bc4 Nf6 4. d3 Bc5 5. c3 a5 6. O-O d6 7. Re1 Ba7 8. Nbd2
O-O 9. h3 Be6 10. Bb5 Ne7 11. d4 Ng6 12. Ba4 Nh5 13. Nf1 Nhf4 14. Ng3 exd4 15.
Nxd4 Bxd4 16. cxd4 d5 17. e5 f6 18. Bxf4 Nxf4 19. Nh5 Nxh5 20. Qxh5 f5 21. f4
Qe7 22. a3 c5 23. Rac1 c4 24. Qd1 Kh8 25. Bb5 g5 26. b3 gxf4 27. bxc4 Rg8 28.
Rc3 dxc4 29. Bxc4 Bxc4 30. Rxc4 Qxa3 31. Rc2 f3 32. e6 fxg2 33. Qe2 Qxh3 34.
Qe5+ Rg7 35. Rcc1 Qh1+ 36. Kf2 Qh4+ 37. Ke2 f4 38. Rg1 Qg4+ 39. Kd2 f3 40. Ke3
Kg8 41. Rc2 Rf8 42. Rf2 h5 43. Qd5 Re8 0-1

[Event "ch-USA 2023"]
[Site "Saint Louis USA"]
[Date "2023.10.15"]
[Round "9.5"]
[White "Sevian, Samuel"]
[Black "Aronian, Levon"]
[Result "1/2-1/2"]
[WhiteTitle "GM"]
[BlackTitle "GM"]
[WhiteElo "2698"]
[BlackElo "2742"]
[WhiteFideId "2040506"]
[BlackFideId "13300474"]
[EventDate "2023.10.05"]

1. c4 Nf6 2. d4 e6 3. Nc3 Bb4 4. e3 O-O 5. Bd3 d5 6. a3 dxc4 7. Bxc4 Be7 8. Nf3
c5 9. O-O Nc6 10. dxc5 Qxd1 11. Rxd1 Bxc5 12. b4 Be7 13. Bb2 a6 14. Rac1 Rd8 15.
Na4 Rxd1+ 16. Rxd1 b5 17. Nb6 Rb8 18. Nxc8 Rxc8 19. Bd3 Nd5 20. Rc1 Na7 21. Kf1
Rxc1+ 22. Bxc1 Nc6 23. g3 Bf6 24. Nd2 Ne5 25. Bc2 Kf8 26. Ne4 Be7 27. h4 Nc4 28.
Bb3 Ndb6 29. Nd2 Nxd2+ 30. Bxd2 Bf6 31. Bc1 Ke7 32. Ke2 Bc3 33. Kd3 Be1 34. Ke2
Bc3 35. h5 Nd7 36. Kd3 Be1 37. Ke2 Bc3 38. g4 a5 39. bxa5 Bxa5 40. Bc2 g6 41.
hxg6 hxg6 42. Bd3 Ne5 43. Bxb5 Nxg4 44. a4 f5 45. Ba3+ Kf7 46. Bb2 g5 47. Bc6
Ke7 48. Ba3+ Kd8 49. Bd6 Kc8 50. Bb5 Nf6 51. Be7 Ne4 52. Bc4 Kd7 53. Ba3 g4 54.
Bb5+ Kc7 55. Bc4 Kd7 56. Bb5+ Kc7 57. Bc4 Kd7 58. Bb5+ Kc7 1/2-1/2

[Event "ch-USA 2023"]
[Site "Saint Louis USA"]
[Date "2023.10.15"]
[Round "9.6"]
[White "Swiercz, Dariusz"]
[Black "Xiong, Jeffery"]
[Result "1/2-1/2"]
[WhiteTitle "GM"]
[BlackTitle "GM"]
[WhiteElo "2620"]
[BlackElo "2693"]
[WhiteFideId "1126881"]
[BlackFideId "2047640"]
[EventDate "2023.10.05"]

1. d4 d5 2. c4 dxc4 3. Nf3 a6 4. e3 Nf6 5. Bxc4 e6 6. O-O c5 7. Re1 Nc6 8. Nc3
Be7 9. dxc5 Qxd1 10. Rxd1 Bxc5 11. Bd2 O-O 12. Rac1 Bd7 13. Be2 Ba7 14. Ng5 Ne5
15. Nce4 Nd5 16. Nd6 h6 17. Nf3 Nxf3+ 18. Bxf3 Bc6 19. Ba5 f5 20. b3 f4 21. e4
Nf6 22. e5 Bxf3 23. gxf3 Nd5 24. Nxb7 Rf5 25. Nd6 Rxe5 26. Ne4 Nf6 27. Bc7 Nxe4
28. Bxe5 Nxf2 29. Kg2 Nxd1 30. Rxd1 Rc8 31. Rd7 Rc2+ 32. Kh3 Be3 33. Rxg7+ Kf8
34. Rg6 Kf7 35. Rf6+ Ke7 36. Rxh6 Rxa2 37. Rh7+ Ke8 38. Rh6 Ke7 39. Rh7+ Ke8 40.
Rh4 Rf2 41. Kg4 Rg2+ 42. Kh3 Rf2 43. Kg4 Rg2+ 44. Kh3 Rf2 45. Kg4 1/2-1/2

[Event "ch-USA 2023"]
[Site "Saint Louis USA"]
[Date "2023.10.16"]
[Round "10.1"]
[White "Caruana, Fabiano"]
[Black "Mishra, Abhimanyu"]
[Result "1-0"]
[WhiteTitle "GM"]
[BlackTitle "GM"]
[WhiteElo "2786"]
[BlackElo "2592"]
[WhiteFideId "2020009"]
[BlackFideId "30920019"]
[EventDate "2023.10.05"]

1. e4 c5 2. Nf3 d6 3. Bb5+ Bd7 4. c4 Nf6 5. Nc3 g6 6. Bxd7+ Qxd7 7. O-O Bg7 8.
d4 cxd4 9. Qxd4 Nc6 10. Qd3 O-O 11. Bd2 a6 12. Rab1 Ng4 13. Qe2 Rfc8 14. Nd5 Qd8
15. Bc3 Bxc3 16. bxc3 Rab8 17. c5 Nce5 18. Nxe5 Nxe5 19. f4 Nd7 20. cxd6 exd6
21. f5 Qg5 22. Rf4 Ne5 23. Rbf1 Rc5 24. Qe3 Rf8 25. Qh3 Rxd5 26. exd5 Re8 27.
fxg6 fxg6 28. Qe3 Qd8 29. h3 Kg7 30. Qd4 Re7 31. Rf6 Rd7 32. Qf4 Rc7 33. Qb4 Nc4
34. R6f2 Qg5 35. Qa4 Qe3 36. Qd1 Qxc3 37. Rf3 Qd2 38. Qa1+ Ne5 39. Rd1 Qc2 40.
Rf2 Qe4 41. a4 h5 42. a5 Qe3 43. Qb2 g5 44. Qb6 Qxb6 45. axb6 Rc5 46. Rf5 Kg6
47. Rdf1 Rxd5 48. Rf8 g4 49. Rg8+ Kh7 50. Rb8 Rb5 51. Rxb7+ Kg6 52. hxg4 hxg4
53. Rb8 Kg7 54. Kh2 Rb3 55. Rc1 Kf6 56. Rc7 Ng6 57. b7 g3+ 58. Kh3 Nf4+ 59. Kg4
Ne6 60. Rd7 Nc5 61. Rxd6+ Ke5 62. Rc6 Nd7 63. Re8+ Kd5 64. Rxa6 Rxb7 65. Kxg3
Rb3+ 66. Kh4 Nc5 67. Ra5 Kd6 68. g4 Kd7 69. Re1 Nb7 70. Ra7 Kc6 71. g5 Kb6 72.
Rxb7+ Kxb7 73. g6 Kc6 74. g7 Rb8 75. Kh5 1-0

[Event "ch-USA 2023"]
[Site "Saint Louis USA"]
[Date "2023.10.16"]
[Round "10.2"]
[White "Robson, Ray"]
[Black "Dominguez Perez, Leinier"]
[Result "1/2-1/2"]
[WhiteTitle "GM"]
[BlackTitle "GM"]
[WhiteElo "2699"]
[BlackElo "2745"]
[WhiteFideId "2023970"]
[BlackFideId "3503240"]
[EventDate "2023.10.05"]

1. e4 e5 2. Nf3 Nc6 3. Bb5 Nf6 4. d3 Bc5 5. Bxc6 dxc6 6. O-O Bd6 7. a4 Be6 8. a5
h6 9. Nbd2 Nd7 10. Qe2 O-O 11. Nc4 Re8 12. h3 c5 13. b3 b5 14. axb6 axb6 15.
Rxa8 Qxa8 16. Bb2 Bxc4 17. dxc4 Qc6 18. Nd2 Nf8 19. Nb1 Ne6 20. Nc3 Nd4 21. Qd3
Qb7 22. Nd5 c6 23. Ne3 Bf8 24. Qd1 g6 25. c3 Ne6 26. Qc2 h5 27. Rd1 Ra8 28. Bc1
Ra1 29. Bd2 Qa8 30. Rxa1 Qxa1+ 31. Qd1 Qb2 32. Qc2 Qa1+ 33. Qd1 Qb2 34. Qc2 Qa1+ 1/2-1/2

[Event "ch-USA 2023"]
[Site "Saint Louis USA"]
[Date "2023.10.16"]
[Round "10.3"]
[White "Niemann, Hans Moke"]
[Black "So, Wesley"]
[Result "1/2-1/2"]
[WhiteTitle "GM"]
[BlackTitle "GM"]
[WhiteElo "2667"]
[BlackElo "2753"]
[WhiteFideId "2093596"]
[BlackFideId "5202213"]
[EventDate "2023.10.05"]

1. e4 e5 2. Nf3 Nc6 3. Bc4 Bc5 4. d3 Nf6 5. O-O d6 6. c3 a5 7. Re1 O-O 8. Nbd2
Be6 9. Bxe6 fxe6 10. Nf1 d5 11. Be3 Bxe3 12. Rxe3 a4 13. Ng3 h6 14. h3 d4 15.
Re1 Qd6 16. cxd4 Nxd4 17. Nxd4 Qxd4 18. Qc2 Nd7 19. Re3 a3 20. Rb1 axb2 21. Rxb2
b6 22. Nf1 Ra3 23. Nd2 Rc3 24. Qb1 Ra8 25. Nf3 Qd6 26. Rd2 Qa3 27. Re1 Qa5 28.
Rc1 Qa3 29. Rcd1 Rf8 30. d4 Rcxf3 31. gxf3 exd4 32. Rxd4 Qxf3 33. Rxd7 Qxf2+ 34.
Kh1 Qf3+ 35. Kh2 Qe2+ 36. Kh1 Qf3+ 37. Kh2 Qe2+ 38. Kh1 Qf3+ 39. Kh2 1/2-1/2

[Event "ch-USA 2023"]
[Site "Saint Louis USA"]
[Date "2023.10.16"]
[Round "10.4"]
[White "Aronian, Levon"]
[Black "Shankland, Sam"]
[Result "1-0"]
[WhiteTitle "GM"]
[BlackTitle "GM"]
[WhiteElo "2742"]
[BlackElo "2698"]
[WhiteFideId "13300474"]
[BlackFideId "2004887"]
[EventDate "2023.10.05"]

1. e4 e5 2. Nf3 Nc6 3. Bc4 Bc5 4. O-O Nf6 5. d3 d6 6. c3 a6 7. Re1 Ba7 8. Bb3 h6
9. Be3 Bxe3 10. Rxe3 O-O 11. Nbd2 d5 12. h3 Be6 13. Nxe5 Nxe5 14. exd5 Neg4 15.
hxg4 Bxg4 16. f3 Bf5 17. Qe1 Bg6 18. c4 c6 19. dxc6 bxc6 20. Ne4 Qd4 21. Nxf6+
gxf6 22. Qf2 a5 23. f4 a4 24. Bxa4 Rxa4 25. f5 c5 26. fxg6 fxg6 27. a3 Ra7 28.
Rf1 Kg7 29. Re6 Qxd3 30. Qxc5 Rb7 31. Rd6 Qe2 32. b4 Re7 33. b5 h5 34. a4 Re4
35. Rd7+ Rf7 36. Rxf7+ Kxf7 37. Qa7+ Re7 38. Qf2 Qe5 39. a5 f5 40. a6 Qc7 41. b6
Qxc4 42. b7 1-0

[Event "ch-USA 2023"]
[Site "Saint Louis USA"]
[Date "2023.10.16"]
[Round "10.5"]
[White "Xiong, Jeffery"]
[Black "Sevian, Samuel"]
[Result "1/2-1/2"]
[WhiteTitle "GM"]
[BlackTitle "GM"]
[WhiteElo "2693"]
[BlackElo "2698"]
[WhiteFideId "2047640"]
[BlackFideId "2040506"]
[EventDate "2023.10.05"]

1. d4 Nf6 2. c4 e6 3. Nc3 Bb4 4. Nf3 d5 5. Qa4+ Nc6 6. e3 O-O 7. Bd2 dxc4 8.
Bxc4 Bd6 9. Qc2 e5 10. dxe5 Nxe5 11. Nxe5 Bxe5 12. f4 Bxc3 13. Bxc3 Ng4 14. Bd4
c5 15. Bxc5 Re8 16. O-O Nxe3 17. Bxe3 Rxe3 18. Qf2 Re4 19. Rad1 Qf6 20. Bd5 Re7
21. Qd4 Qxd4+ 22. Rxd4 Bf5 23. Bf3 g6 24. Rc1 Rae8 25. Kf2 h5 26. a3 Kg7 27. Rc3
Kf6 28. Rd6+ Kg7 29. Rd4 Kf6 30. Rd6+ Kg7 31. Rd4 Kf6 1/2-1/2

[Event "ch-USA 2023"]
[Site "Saint Louis USA"]
[Date "2023.10.16"]
[Round "10.6"]
[White "Tang, Andrew"]
[Black "Swiercz, Dariusz"]
[Result "1-0"]
[WhiteTitle "GM"]
[BlackTitle "GM"]
[WhiteElo "2496"]
[BlackElo "2620"]
[WhiteFideId "2059630"]
[BlackFideId "1126881"]
[EventDate "2023.10.05"]

1. d4 e6 2. Bf4 c5 3. e3 Qb6 4. b3 Nf6 5. c3 Nc6 6. Nf3 Nh5 7. Bg5 d5 8. Nbd2 h6
9. Bh4 cxd4 10. Nxd4 Nf6 11. Bg3 Be7 12. Be2 O-O 13. O-O Bd7 14. Qc2 Rac8 15.
Qb2 Nxd4 16. exd4 Bb5 17. Bxb5 Qxb5 18. a4 Qa5 19. Rfc1 Rfd8 20. Rc2 Qa6 21.
Rac1 Nh5 22. Be5 Bg5 23. Re1 Nf4 24. Bxf4 Bxf4 25. Nf3 Qd3 26. h3 Rd7 27. Ne5
Bxe5 28. Rxe5 Rdc7 29. Re3 Qf5 30. Rce2 a6 31. a5 Rc6 32. b4 Qf4 33. Rg3 Rd6 34.
Ree3 b6 35. Ref3 Qh4 36. Qd2 bxa5 37. Rg4 Qh5 38. Qf4 Rd7 39. Rfg3 f5 40. Rg6
Kh7 41. Qe5 Rcc7 42. Rxe6 axb4 43. cxb4 Rb7 44. Re8 Rxb4 45. Rc3 Qg6 46. Rcc8
Rb1+ 47. Kh2 Qd6 48. Rh8+ Kg6 49. Rc6 Qxc6 50. Qe8+ Kg5 51. f4+ Kxf4 52. Qe5+
Kg5 53. h4+ Kxh4 54. Qf4+ Kh5 55. Qxf5+ g5 56. Qh3+ Kg6 57. Rxh6+ 1-0

[Event "ch-USA 2023"]
[Site "Saint Louis USA"]
[Date "2023.10.17"]
[Round "11.1"]
[White "Sevian, Samuel"]
[Black "Tang, Andrew"]
[Result "1-0"]
[WhiteTitle "GM"]
[BlackTitle "GM"]
[WhiteElo "2698"]
[BlackElo "2496"]
[WhiteFideId "2040506"]
[BlackFideId "2059630"]
[EventDate "2023.10.05"]

1. e4 e5 2. Nf3 Nc6 3. Bb5 a6 4. Ba4 Nf6 5. O-O Be7 6. Re1 b5 7. Bb3 O-O 8. d3
d5 9. exd5 Nxd5 10. Nxe5 Nd4 11. Nc3 Nb4 12. a3 Nxb3 13. axb4 Nxa1 14. Nc6 Qd7
15. Nxe7+ Kh8 16. Nxc8 Rfxc8 17. Re4 Qc6 18. Re5 Qd6 19. Rc5 a5 20. Ne4 Qd7 21.
bxa5 Rxa5 22. Bd2 Ra2 23. h4 Rca8 24. Bc1 b4 25. Qh5 Nxc2 26. Ng5 Qxd3 27. Nxf7+
Kg8 28. Ne5 Qd6 29. Rxc2 Ra1 30. Kh2 Rf8 31. f4 c5 32. Be3 b3 33. Rxc5 Re1 34.
Rc3 Qa6 35. Qf3 h6 36. Rxb3 Qa1 37. Rb7 Rh1+ 38. Kg3 Qa6 39. Qd5+ Kh8 40. Rb6 1-0